Freiburg Best Scorer By Year - Statistics

General Stats
  • This quiz has been taken 146 times
    5 since last reset
  • The average score is 4 of 18
Answer Stats
Player % Correct
Vincenzo Grifo
100%
Nils Petersen
80%
Igor Matanovic
60%
Papiss Cissé
40%
Ritsu Doan
40%
Aleksandre Iashvili
20%
Florian Niederlechner
20%
Jonathan Schmid
20%
Marco Weißhaupt
20%
Max Kruse
20%
Mohammadou Idrissou
20%
Adel Sellimi
0%
Admir Mehmedi
0%
Harry Decheiver
0%
Rodolfo Cardoso
0%
Soumaila Coulibaly
0%
Uwe Wassmer
0%
Zoubeir Baya
0%
No matching quizzes found
Score Distribution
Percent of People with Each Score
Percentile by Number Answered
Your Score History
You have not taken this quiz since the last reset